00790cam a22002411i 4500001001300000003000400013005001700017008004100034010001700075035001900092040001900111042001200130050002100142060002100163100005000184245008600234260004200320300003100362490007100393504002800464830003900492999001700531med48000049 DLC20260227111609.0790611s1948 ilua 000 0 eng  amed48000049  a(OCoLC)5054582 aDLCcISUMdDLC apremarc00aRC669b.P28 1948 aWG355 P132e 19481 aPage, Irvine H.q(Irvine Heinly),d1901-1991.10aExperimental renal hypertension /cby Irvine H. Page and Arthur Curtis Corcoran. aSpringfield, Ill. :bThomas,c[1948]. av, 64 p. :bill. ;c23 cm.0 aAmerican lecture series, no. 16. American lectures in physiology. aBibliography: p. 63-64. 0aAmerican lecture series ;vno. 16. c38836d38836